| 000 | 00974cam a22003017a 4500 | ||
|---|---|---|---|
| 003 | CHAP | ||
| 005 | 20220329140155.0 | ||
| 008 | 971013c19801976 r 00010 d | ||
| 010 | _a48056 | ||
| 011 | _a49028 | ||
| 035 | _a53176 | ||
| 040 | _cCHAP | ||
| 082 |
_a574.5 _bR5 |
||
| 100 | 0 | 0 |
_aRicklefs, Robert E. _997317 |
| 245 | 1 | 4 | _aThe economy of nature ; a textbook in based ecology |
| 260 |
_aNew York ; Chiron, _c1980 (c.1976) |
||
| 300 |
_a455 p. _b: ilus. |
||
| 590 |
_aBATCH-UPD _b10 _c20130110 _lUCH01 _h0012 |
||
| 590 |
_aBATCH-UPD _b10 _c20130110 _lUCH01 _h1804 |
||
| 590 |
_aBATCH-UPD _b10 _c20130410 _lUCH01 _h1139 |
||
| 590 |
_aBATCH-UPD _b10 _c20130914 _lUCH01 _h1228 |
||
| 590 |
_aCONVERSION _b10 _c20130109 _lUCH01 _h1326 |
||
| 650 | 1 | 4 |
_aEcologĂa. _935134 |
| 901 | _aBK | ||
| 942 | _cLIBRO | ||
| 949 |
_a574.5 R5 _bBC _cLIBRO _d33724000470464 _eLIBRO _h55413 _i53176 _si _t594.00 |
||
| 949 |
_a574.5 R5 _bBC _cLIBRO _d33724000470472 _eLIBRO _fc.2 _h55414 _i53176 _si _t594.00 |
||
| 999 |
_c48056 _d48056 |
||